书目信息 |
| 题名: |
麦田里的守望者
|
|
| 作者: | 塞格林 著 ;施咸荣 译 | |
| 分册: | ||
| 出版信息: | 桂林 漓江出版社 1983 |
|
| 页数: | 277页 | |
| 开本: | 18cm | |
| 丛书名: | ||
| 单 册: | ||
| 中图分类: | I712.4 | |
| 科图分类: | ||
| 主题词: | 文学--小说--美国 | |
| 电子资源: | ||
| ISBN: | ||
| 000 | 00677nam0 2200241 45 | |
| 001 | 0183009998 | |
| 005 | 20041122105926.4 | |
| 010 | @dCNY0.83 | |
| 091 | @a10256.60 | |
| 100 | @a19950616d1983 em y0chiy0121 ea | |
| 101 | 1 | @achi@ceng |
| 102 | @aCN@b450000 | |
| 105 | @ay z 000ay | |
| 200 | 10 | @a麦田里的守望者@Amai tian li de shou wang zhe@f(美)J·D·塞格林著@F(Mei)J·D·Sai Ge Lin Zhu@g施咸荣译 |
| 210 | @a桂林@c漓江出版社@d1983 | |
| 215 | @a277页@d18cm | |
| 606 | @a文学@x小说@y美国 | |
| 690 | @aI712.4@v3 | |
| 701 | 0 | @a塞格林@4著 |
| 702 | 0 | @a施咸荣@Ashi xian rong@4译 |
| 801 | 0 | @aCN@b上海图书馆@c20040407 |
| 801 | 2 | @aCN@bNLC@c20040407 |
| 905 | @dI712.4@e67 | |
| 麦田里的守望者/(美)J·D·塞格林著/施咸荣译.-桂林:漓江出版社,1983 |
| 277页;18cm |
| ISBN :CNY0.83 |
| ● |
| 相关链接 |
|
|
|
|
正题名:麦田里的守望者
索取号:I712.4/67
 
预约/预借
| 序号 | 登录号 | 条形码 | 馆藏地/架位号 | 状态 | 备注 |
| 1 | 0095479 | 000130888 | 密集书库/ [索取号:I712.4/67] | 在馆 | |
| 2 | 0095480 | 000130833 | 第二借阅区/ [索取号:I712.4/67] | 在馆 | |
| 3 | 0095481 | 000130815 | 第二借阅区/ [索取号:I712.4/67] | 在馆 | |
| 4 | 0095482 | 000775968 | 第二借阅区/ [索取号:I712.4/67] | 在馆 | |
| 5 | 0095483 | 000130842 | 第一样本阅览室/ [索取号:I712.4/67] | 在馆 | |
| 6 | 0145785 | 000130780 | 第二借阅区/ [索取号:I712.4/67] | 在馆 | |
| 7 | 0145786 | 000130771 | 第二借阅区/ [索取号:I712.4/67] | 在馆 | |
| 8 | 0145787 | 000130824 | 第二借阅区/ [索取号:I712.4/67] | 在馆 | |
| 9 | 0307571 | 203075714 | 第二借阅区/ [索取号:I712.4/67] |
已借出,限还日期为2026.05.17 借出人:苏子怡 |
|
| 10 | 0307576 | 203075769 | 第二借阅区/ [索取号:I712.4/67] | 在馆 | |
| 11 | 0307577 | 203075778 | 第二借阅区/ [索取号:I712.4/67] | 在馆 | |
| 12 | 0325318 | 203253184 | 第二借阅区/ [索取号:I712.4/67] | 在馆 | |
| 13 | 0325319 | 203253193 | 第二借阅区/ [索取号:I712.4/67] | 在馆 | |
| 14 | 0325320 | 203253200 | 第二借阅区/ [索取号:I712.4/67] | 在馆 | |
| 15 | 0325321 | 203253219 | 第二借阅区/ [索取号:I712.4/67] | 在馆 | |
| 16 | 0325322 | 203253228 | 第二借阅区/ [索取号:I712.4/67] | 在馆 | |
| 17 | 0325323 | 203253237 | 第二借阅区/ [索取号:I712.4/67] | 在馆 | |
| 18 | 0325324 | 203253246 | 第二借阅区/ [索取号:I712.4/67] | 在馆 | |
| 19 | 0325325 | 203253255 | 第二借阅区/ [索取号:I712.4/67] | 在馆 | |
| 20 | 0325326 | 203253264 | 第二借阅区/ [索取号:I712.4/67] | 在馆 | |
| 21 | 0325327 | 203253273 | 第二借阅区/ [索取号:I712.4/67] | 在馆 |